000 00511nam a2200205Ia 4500
005 20240823013522.0
008 240823s9999||||xx |||||||||||||| ||und||
020 _a81-7446-360-7
041 _aENGLISH
082 _A658.8342 P4
100 _aKazmi S M A
245 0 _aConsumer Behaviour : Text and Cases
250 _a1st
260 _c2004
_b"Excel,New "
_aNew Delhi
500 _aTRANSFERED
650 _aConsumer
_bManagement Studies
700 _a Satish K Batra
942 _cBK
999 _c167477
_d167477